000 00345nam a2200097Ia 4500
008 220120s9999||||xx |||||||||||||| ||und||
100 _aAshwin Chengappa, Aswanth, Shojin and Shyamjith
_912668
245 0 _aDevelopment of activated charcoal based cryosorption pump
260 _aCoorg Institute of Technology
_bPonnampet
_c2017
650 _aMECHANICAL
999 _c138267
_d138267